| 000 | 00964 a2200217 4500 | ||
|---|---|---|---|
| 003 | Nust | ||
| 005 | 20220802123810.0 | ||
| 010 | _a 89002598 | ||
| 020 | _a0071006281 | ||
| 040 | _cNust | ||
| 082 | 0 | 0 | _a005.1,EAS |
| 100 | 1 |
_aEasteal, Charles. _996256 |
|
| 245 | 1 | 0 |
_aSoftware engineering : _banalysis and design / _cCharles Easteal, Gordon Davies. |
| 260 |
_aLondon ; _aNew York : _bMcGraw-Hill, _cc1989. |
||
| 300 |
_axiii, 161 p. : _bill. ; _c25 cm. |
||
| 440 | 4 |
_aThe McGraw-Hill international series in software engineering _996257 |
|
| 505 | _aIntroduction (Page-1), The Software Life Cycle (Page-3), Requirements Analysis (Page-12), Specification Of Requirements (Page-34), Software Design (Page-39), Selection (Page-42), Initial Design (Page-55), Detailed Design (Page-94), Data Structure Design (Page-119), Design Documentation (Page-130). | ||
| 650 | 0 |
_aSoftware engineering. _92256 |
|
| 700 | 1 |
_aDavies, Gordon. _996258 |
|
| 942 |
_2ddc _cBK _k005.1,EAS |
||
| 999 |
_c176510 _d176510 |
||